| 000 | 00450cam a22001457a 4500 | ||
|---|---|---|---|
| 008 | 180718b2009 xxu||||| |||| 00| 0 eng d | ||
| 020 | _a9780470391785 | ||
| 082 | _aT3100 C76 | ||
| 245 |
_aBoardroom realities : building leaders across your board _cedited by Jay A. Conger |
||
| 260 |
_aSan Francisco _bJossey-bass _c2009 |
||
| 300 | _a520p. | ||
| 650 | _aChief executive officers | ||
| 650 | _aDirectors of corporations | ||
| 700 | _aConger, Jay A. | ||
| 999 |
_c445549 _d445549 |
||